00279 a2200109 4500001000700000020000600007040001100013100002100024240006000045245005500105362000900160164933 a  cMagnum aFoucault, Michel10aVigiar e punir: historia da violencias nas prisoeslpor10aVigiar e punir: historia da violencias nas prisoes0 a1899